书目信息 |
| 题名: |
中国文学理论批评史
|
|
| 作者: | 张少康 著 | |
| 分册: | 下卷 | |
| 出版信息: | 北京 北京大学出版社 2024.07 |
|
| 页数: | 503页 | |
| 开本: | 23cm | |
| 丛书名: | 博雅大学堂 | |
| 单 册: | ||
| 中图分类: | I206.09 | |
| 科图分类: | ||
| 主题词: | 中国文学--文学批评史--高等学校--教材 | |
| 电子资源: | ||
| ISBN: | 978-7-301-35000-3 | |
| 000 | 01005oam2 2200277 450 | |
| 001 | 012660604 | |
| 005 | 20251022104834.04 | |
| 010 | @a978-7-301-35000-3@dCNY89.00 | |
| 100 | @a20240814d2024 em y0chiy0120 ea | |
| 101 | 0 | @achi |
| 102 | @aCN@b110000 | |
| 105 | @ay z 000yy | |
| 106 | @ar | |
| 200 | 1 | @a中国文学理论批评史@9zhong guo wen xue li lun pi ping shi@h下卷@f张少康著 |
| 205 | @a3版 | |
| 210 | @a北京@c北京大学出版社@d2024.07 | |
| 215 | @a503页@d23cm | |
| 225 | 1 | @a博雅大学堂@i文学 |
| 330 | @a本书五编三十二章,将中国文论发展分为萌芽产生期(先秦)、发展成熟期限(汉魏六朝)、深化扩展期(唐宋金元)、繁荣鼎盛期(明清)、中西交汇期(近代),对总体文学观念以及诗、文、词、小说、戏曲等各体文学的批评及理论都有深入全面的论述。 | |
| 461 | 0 | @12001 @a博雅大学堂 |
| 462 | 0 | @12001@@@@a文学 |
| 606 | 0 | @a中国文学@x文学批评史@x高等学校@j教材 |
| 690 | @aI206.09@v5 | |
| 701 | 0 | @a张少康@9zhang shao kang@4著 |
| 801 | 0 | @aCN@c20250910 |
| 905 | @a河南城建学院图书馆@dI206.09@eZ163=3:2@ZZ163=3:2@f1 | |
| 中国文学理论批评史.下卷/张少康著.-3版.-北京:北京大学出版社,2024.07 |
| 503页;23cm.-(博雅大学堂.文学) |
| ISBN 978-7-301-35000-3:CNY89.00 |
| 本书五编三十二章,将中国文论发展分为萌芽产生期(先秦)、发展成熟期限(汉魏六朝)、深化扩展期(唐宋金元)、繁荣鼎盛期(明清)、中西交汇期(近代),对总体文学观念以及诗、文、词、小说、戏曲等各体文学的批评及理论都有深入全面的论述。 |
| ● |
| 相关链接 |
|
|
|
正题名:中国文学理论批评史
索取号:I206.09/Z163=3:2
 
预约/预借
| 序号 | 登录号 | 条形码 | 馆藏地/架位号 | 状态 | 备注 |
| 1 | 1633838 | 216338381 | 文学库108/108文学库 5排2列2层/ [索取号:I206.09/Z163=3:2] | 在馆 |